| 000 | 00562cam a2200205Ia 4500 | ||
|---|---|---|---|
| 020 | _a0028250311 | ||
| 040 | _cUUA | ||
| 082 | _a512 GLE 1997 A028 Or. | ||
| 245 | 1 | 0 |
_aGlencoe pre-algebra : _ban integrated transition to algebra and geometry / |
| 246 | 3 | 0 | _aPre-algebra |
| 260 |
_aNew York : _bGlencoe/McGraw-Hill, _cc1997 |
||
| 300 |
_axx, 843 p. : _bcol. ill. ; _c29 cm |
||
| 500 | _aIncludes index | ||
| 650 | 0 | _aAlgebra | |
| 650 | 0 | _aGeometry | |
| 650 | 0 | _aMathematics | |
| 700 | 1 | _aLeschensky, William | |
| 710 | 2 | _aGlencoe/McGraw-Hill | |
| 942 | _cEK | ||
| 999 |
_c12721 _d12721 |
||